000
00215 a2200109 4500
020
_a
9789968129176
041
_a
spa
100
_a
Santillana
245
_a
Ciencias Naturales 3er grado
942
_c
BK
952
_7
1
999
_c
21446
_d
21446